000 01093njm a22002417a 4500
005 20100901115333.0
006 a|||||r|||||00| 0
007 sd ammalaaahaa
008 100901t xxu||||| |||| 00| 0 eng d
028 _aN 26000
_bHis Master's Voice
035 _aGR-49
040 _aSED
_cSED
100 _aPatwardhan, Vjnaykrao
_917891
245 _aSunder shyam dekhanki:
_bjaijaivanti /
_cby Vinayakrao Patwardhan
_h[Sound recording]
246 _aसुंदर श्याम देखनकी / विनायकराव पटवर्धन
260 _aDUM DUM, India
_bHis Master's Voice
300 _a1 Sound disc [Gramophone Recording] :
_banalog, 33 1/3 rpm
_c9.5 in. (MP)
_fGramophone Record
500 _aBrief record
505 _aSide-2 श्री गिरिधर आगे नाचुगी - बहार तीनताल (Shri Giridhar aage Nachugi -Bhar Trrntaal)(Vinayakrao Patwardhan)
650 _aClassical music
_xExcerpts
_zIndia
_917892
942 _2ddc
_cGR
999 _c43340
_d43340